000 00566nam a2200217Ia 4500
003 OSt
005 20220928145243.0
006 a|||||r|||| 00| 0
007 ta
008 220927b |||||||| |||| 00| 0 eng d
024 _a79662
037 _cTextual
040 _aSDCL
_cSDCL
_beng
041 _2eng
_aeng
082 _aV2:17'N, P1
100 _aDirks Nicholas B
_9454175
245 0 _aCastes of mind
_b Colonialism and the making of India.
260 _c2001
942 _hV2:17'N, P1
_cTEXL
_2CC
999 _c832740
_d832740